[Event "45th Olympiad 2024"]
[Site "Budapest HUN"]
[Date "2024.09.12"]
[Round "2.12"]
[Board "2"]
[White "Abasov, Nijat"]
[Black "Sipila, Vilka"]
[Result "1-0"]
[WhiteTitle "GM"]
[BlackTitle "IM"]
[WhiteElo "2626"]
[BlackElo "2462"]
[WhiteTeam "Azerbaijan"]
[BlackTeam "Finland"]
[WhiteFideId "13402960"]
[BlackFideId "505455"]
[EventDate "2024.09.11"]

1. e4 c5 2. Nf3 d6 3. d4 cxd4 4. Nxd4 Nf6 5. Nc3 a6 6. Be3 e5 7. Nb3 Be6 8. h3
Be7 9. Qf3 O-O 10. O-O-O b5 11. g4 b4 12. Nd5 Nxd5 13. exd5 Bc8 14. Bd3 a5 15.
Nd2 a4 16. Ne4 b3 17. cxb3 axb3 18. a3 Qc7+ 19. Kb1 Ba6 20. Qe2 Qb7 21. Rc1 Qxd5
22. Rhd1 Qb7 23. Nc3 Rc8 24. Qd2 Bxd3+ 25. Qxd3 Bf8 26. Qd5 Qxd5 27. Nxd5 Nd7
28. Rd3 Rxc1+ 29. Kxc1 Rb8 30. Kd2 g6 31. Kc3 e4 32. Rd1 f5 33. gxf5 gxf5 34.
Ba7 Rb7 35. Bd4 Kf7 36. a4 Nb8 37. a5 Ke6 38. Bb6 Kd7 39. Kxb3 Bg7 40. Ka3 Kc6
41. b4 Rf7 42. Ka4 f4 43. b5+ Kb7 44. Re1 1-0

[Event "45th Olympiad 2024"]
[Site "Budapest HUN"]
[Date "2024.09.12"]
[Round "2.12"]
[Board "3"]
[White "Agopov, Mikael"]
[Black "Mamedov, Rauf"]
[Result "0-1"]
[WhiteTitle "IM"]
[BlackTitle "GM"]
[WhiteElo "2451"]
[BlackElo "2637"]
[WhiteTeam "Finland"]
[BlackTeam "Azerbaijan"]
[WhiteFideId "501840"]
[BlackFideId "13401653"]
[EventDate "2024.09.11"]

1. e4 c5 2. Nf3 Nc6 3. d4 cxd4 4. Nxd4 Nf6 5. Nc3 d6 6. Bc4 Bd7 7. f3 Nxd4 8.
Qxd4 g6 9. Be3 Bg7 10. O-O-O O-O 11. Qd2 Qc7 12. Bb3 a5 13. a4 b5 14. axb5 a4
15. b6 Qb8 16. Ba2 a3 17. e5 dxe5 18. Ne4 Bf5 19. Qb4 Bxe4 20. fxe4 Qb7 21. bxa3
e6 22. Rd3 Rfc8 23. Rhd1 Bf8 24. Qb2 Nxe4 25. Kb1 Nc5 26. Bxc5 Bxc5 27. Rb3 Ra6
28. Qxe5 Rxb6 29. a4 Bf8 30. Qg5 Qe4 31. Qd2 Rbc6 32. Rc1 Qxa4 0-1

[Event "45th Olympiad 2024"]
[Site "Budapest HUN"]
[Date "2024.09.12"]
[Round "2.12"]
[Board "4"]
[White "Muradli, Mahammad"]
[Black "Lahdelma, Henri"]
[Result "1-0"]
[WhiteTitle "GM"]
[BlackTitle "FM"]
[WhiteElo "2576"]
[BlackElo "2331"]
[WhiteTeam "Azerbaijan"]
[BlackTeam "Finland"]
[WhiteFideId "13409301"]
[BlackFideId "510394"]
[EventDate "2024.09.11"]

1. d4 Nf6 2. c4 e6 3. Nf3 d5 4. Nc3 dxc4 5. e4 Bb4 6. Bxc4 c5 7. O-O cxd4 8.
Nxd4 O-O 9. e5 Nfd7 10. f4 Nb6 11. Bb3 Bc5 12. Be3 Nc6 13. Nf5 Bxe3+ 14. Nxe3
Nd4 15. Qh5 Nxb3 16. axb3 Bd7 17. Rad1 Qe8 18. Qh4 Bc6 19. Ng4 Rd8 20. Rfe1 Rxd1
21. Rxd1 Nd7 22. b4 a6 23. Nf6+ gxf6 24. Rd3 Bxg2 25. Qh6 Kh8 26. Rxd7 Bh3 27.
Qxf6+ Kg8 28. Qg5+ Kh8 29. Qf6+ Kg8 30. Rd3 Bf5 31. Rg3+ Bg6 32. f5 exf5 33. Nd5
h6 34. e6 Kh7 35. e7 f4 36. exf8=N+ 1-0

[Event "45th Olympiad 2024"]
[Site "Budapest HUN"]
[Date "2024.09.12"]
[Round "2.13"]
[Board "1"]
[White "Shirov, Alexei"]
[Black "Maksimovic, Bojan"]
[Result "1-0"]
[WhiteTitle "GM"]
[BlackTitle "IM"]
[WhiteElo "2666"]
[BlackElo "2503"]
[WhiteTeam "Spain"]
[BlackTeam "Bosnia & Herzegovina"]
[WhiteFideId "2209390"]
[BlackFideId "14408120"]
[EventDate "2024.09.11"]

1. d4 Nf6 2. c4 g6 3. Nc3 Bg7 4. e4 d6 5. h3 Nbd7 6. Nf3 e5 7. d5 Nc5 8. Qc2 Nh5
9. b4 Nd7 10. c5 O-O 11. c6 bxc6 12. dxc6 Nb6 13. a4 a5 14. bxa5 Rxa5 15. Bg5
Bf6 16. Be3 d5 17. Bxb6 cxb6 18. Bb5 Nf4 19. g3 dxe4 20. Nxe4 Nxh3 21. Rd1 Qe7
22. Kf1 Ng5 23. Nfxg5 Bxg5 24. Kg2 Bf5 25. Qe2 Ra7 26. Rhe1 h5 27. Nxg5 Qxg5 28.
Qxe5 h4 29. c7 hxg3 30. fxg3 Raa8 31. Rd4 Qh6 32. Rh1 Qg7 33. Qd6 Rac8 34. Rdh4
Qb2+ 35. Kf3 Qc3+ 1-0

[Event "45th Olympiad 2024"]
[Site "Budapest HUN"]
[Date "2024.09.12"]
[Round "2.13"]
[Board "2"]
[White "Burovic, Rijad"]
[Black "Anton Guijarro, David"]
[Result "0-1"]
[WhiteTitle "IM"]
[BlackTitle "GM"]
[WhiteElo "2426"]
[BlackElo "2665"]
[WhiteTeam "Bosnia & Herzegovina"]
[BlackTeam "Spain"]
[WhiteFideId "14407701"]
[BlackFideId "2285525"]
[EventDate "2024.09.11"]

1. e4 c6 2. d4 d5 3. e5 Bf5 4. h4 h6 5. g4 Be4 6. f3 Bh7 7. Bd3 Bxd3 8. Qxd3 e6
9. h5 c5 10. c3 Nc6 11. Ne2 Nge7 12. f4 f5 13. exf6 gxf6 14. dxc5 Rg8 15. Rg1
Qd7 16. Na3 e5 17. Nb5 O-O-O 18. Nd6+ Kb8 19. f5 Nc8 20. Qxd5 Bxd6 21. cxd6 Qg7
22. Bd2 Nxd6 23. O-O-O Nxf5 24. Qc5 Nd6 25. Be3 Ne4 26. Qc4 Qh7 27. Rxd8+ Rxd8
28. Ng3 Nxg3 29. Rxg3 f5 30. gxf5 Qxf5 31. Qe2 Nd4 32. Qg2 Nc2 33. Rg8 Nxe3 34.
Rxd8+ Kc7 35. Qd2 Qf1+ 0-1

[Event "45th Olympiad 2024"]
[Site "Budapest HUN"]
[Date "2024.09.12"]
[Round "2.13"]
[Board "3"]
[White "Pichot, Alan"]
[Black "Culum, Sanjin"]
[Result "1-0"]
[WhiteTitle "GM"]
[BlackTitle "FM"]
[WhiteElo "2628"]
[BlackElo "2409"]
[WhiteTeam "Spain"]
[BlackTeam "Bosnia & Herzegovina"]
[WhiteFideId "110973"]
[BlackFideId "14420937"]
[EventDate "2024.09.11"]

1. e4 c5 2. Nf3 d6 3. Bb5+ Nd7 4. O-O a6 5. Be2 Ngf6 6. d3 g6 7. c4 Bg7 8. Nc3
Ne5 9. Nxe5 dxe5 10. Be3 Nd7 11. Rb1 O-O 12. b4 cxb4 13. Rxb4 e6 14. Na4 Qa5 15.
Bd2 Qc7 16. c5 Nb8 17. Nb6 Ra7 18. Be3 Nc6 19. Rc4 Rd8 20. Qd2 Nd4 21. f4 Bd7
22. fxe5 Nxe2+ 23. Qxe2 Bb5 24. d4 a5 25. Qf3 Ra6 26. Rcc1 Bxf1 27. Rxf1 Rf8 28.
d5 Bxe5 29. d6 Qc6 30. Nc4 Bg7 31. e5 Qd5 32. Nb6 Rxb6 33. cxb6 Bxe5 34. Rd1
Qxf3 35. gxf3 Rd8 36. d7 f6 37. f4 Bb8 38. Rc1 Kf7 39. Rc7 e5 40. Rxb7 Ke6 41.
fxe5 Bxe5 42. Ra7 Rxd7 43. Rxa5 Rd1+ 44. Kg2 Rb1 45. a4 Rb3 46. Kf2 f5 47. Rxe5+
Kxe5 48. a5 f4 49. Bc5 Kd5 50. a6 Kc6 51. b7 g5 52. Bd6 Rb2+ 53. Kf1 Rb1+ 54.
Ke2 Rb2+ 55. Kd3 Rb3+ 56. Kc4 Rxb7 57. axb7 Kxb7 58. Kd5 Kc8 59. Ke6 h6 60. Kf5
Kd7 61. Bb8 Ke7 62. Kg6 Ke6 63. Bc7 Ke7 64. Kxh6 Kf6 65. Kh5 Kf5 66. h3 f3 67.
Bg3 f2 68. Bxf2 Kf4 69. Be1 1-0

[Event "45th Olympiad 2024"]
[Site "Budapest HUN"]
[Date "2024.09.12"]
[Round "2.13"]
[Board "4"]
[White "Marjanovic, Dejan"]
[Black "Santos Latasa, Jaime"]
[Result "1/2-1/2"]
[WhiteTitle "IM"]
[BlackTitle "GM"]
[WhiteElo "2365"]
[BlackElo "2624"]
[WhiteTeam "Bosnia & Herzegovina"]
[BlackTeam "Spain"]
[WhiteFideId "14402661"]
[BlackFideId "2293307"]
[EventDate "2024.09.11"]

1. d4 Nf6 2. Nf3 e6 3. Bg5 h6 4. Bh4 c5 5. e3 cxd4 6. exd4 Be7 7. Nbd2 Nc6 8. c3
O-O 9. Bd3 Nh5 10. Bxe7 Nxe7 11. O-O Nf4 12. Bc2 b6 13. Re1 Qc7 14. Ne5 d6 15.
Nd3 Nfd5 16. Nf1 Bb7 17. Ne3 Rae8 18. a4 e5 19. Bb3 Nxe3 20. fxe3 Nd5 21. Qd2
Nf6 22. Rad1 Re7 23. Nf2 exd4 24. Qxd4 Rd8 25. e4 Re5 26. Bc2 Rd7 27. c4 Re6 28.
b3 Rde7 29. Re3 d5 30. cxd5 Bxd5 31. Bb1 Bc6 32. Qd8+ Qxd8 33. Rxd8+ Kh7 34. Rd4
g6 35. Bd3 Kg7 36. h3 h5 37. Bc2 Rd7 38. Red3 Kf8 39. b4 Rxd4 40. Rxd4 Ke7 41.
Bb3 Re5 42. Rc4 Kd6 43. Rd4+ Ke7 44. Rc4 Kd6 45. Rd4+ Ke7 1/2-1/2

[Event "45th Olympiad 2024"]
[Site "Budapest HUN"]
[Date "2024.09.12"]
[Round "2.14"]
[Board "1"]
[White "Bachmann, Axel"]
[Black "Vachier-Lagrave, Maxime"]
[Result "1/2-1/2"]
[WhiteTitle "GM"]
[BlackTitle "GM"]
[WhiteElo "2560"]
[BlackElo "2731"]
[WhiteTeam "Paraguay"]
[BlackTeam "France"]
[WhiteFideId "3700488"]
[BlackFideId "623539"]
[EventDate "2024.09.11"]

1. Nf3 c5 2. c4 Nc6 3. d4 cxd4 4. Nxd4 Nf6 5. Nc3 e6 6. a3 Be7 7. e4 O-O 8. Nf3
Qa5 9. Bd2 Qh5 10. Be2 d5 11. exd5 exd5 12. cxd5 Nxd5 13. Nd4 Qe5 14. Nxc6 bxc6
15. Nxd5 cxd5 16. Bc3 Qg5 17. O-O Rd8 18. Bf3 Be6 19. Re1 Bf6 20. Re2 Bxc3 21.
bxc3 Rac8 22. Re3 Qf6 23. Rc1 d4 24. cxd4 Qxd4 25. Rxc8 Qxd1+ 26. Bxd1 Rxc8 27.
Kf1 Rc1 28. Ke1 Kf8 29. Kd2 Ra1 30. Rc3 a5 31. a4 Bd7 32. Rc4 Ke7 33. Re4+ Kd6
34. Rd4+ Kc7 35. Bb3 f6 36. h4 g5 37. g3 h6 38. Rc4+ Kd6 39. Rd4+ Kc7 40. Rc4+
Kd6 41. Rd4+ Kc7 42. Rc4+ 1/2-1/2

[Event "45th Olympiad 2024"]
[Site "Budapest HUN"]
[Date "2024.09.12"]
[Round "2.14"]
[Board "2"]
[White "Bacrot, Etienne"]
[Black "Delgado Ramirez, Neuris"]
[Result "1/2-1/2"]
[WhiteTitle "GM"]
[BlackTitle "GM"]
[WhiteElo "2665"]
[BlackElo "2484"]
[WhiteTeam "France"]
[BlackTeam "Paraguay"]
[WhiteFideId "605506"]
[BlackFideId "3503631"]
[EventDate "2024.09.11"]

1. d4 Nf6 2. c4 e6 3. Nf3 Bb4+ 4. Bd2 Bxd2+ 5. Qxd2 d5 6. Nc3 O-O 7. e3 Qe7 8.
cxd5 exd5 9. Bd3 Nc6 10. h3 Rd8 11. Qe2 Ne4 12. Nd2 Nxd2 13. Kxd2 Nb4 14. a3
Nxd3 15. Qxd3 Qf6 16. Ke2 Bf5 17. Qd2 c5 18. f3 c4 19. Kf2 Rd6 20. Ne2 Re8 21.
Rae1 h5 22. h4 g6 23. Nf4 Qd8 24. g3 Rb6 25. Rc1 Rb5 26. Rhe1 a5 27. Re2 Rb3 28.
Rc3 Rb5 29. Rc1 Rb3 30. Rc3 Rb5 1/2-1/2

[Event "45th Olympiad 2024"]
[Site "Budapest HUN"]
[Date "2024.09.12"]
[Round "2.14"]
[Board "3"]
[White "Cubas, Jose Fernando"]
[Black "Maurizzi, Marc'Andria"]
[Result "0-1"]
[WhiteTitle "GM"]
[BlackTitle "GM"]
[WhiteElo "2417"]
[BlackElo "2595"]
[WhiteTeam "Paraguay"]
[BlackTeam "France"]
[WhiteFideId "3700267"]
[BlackFideId "36083534"]
[EventDate "2024.09.11"]

1. e4 c5 2. Nf3 Nc6 3. d4 cxd4 4. Nxd4 Nf6 5. Nc3 e6 6. Ndb5 Bc5 7. Bf4 O-O 8.
Bc7 Qe7 9. Bd6 Bxd6 10. Qxd6 Qd8 11. O-O-O a6 12. Nd4 Ne7 13. h4 b5 14. Nb3 Ne8
15. Qb4 Nc6 16. Qc5 Qc7 17. a3 d6 18. Qe3 b4 19. axb4 Nxb4 20. h5 h6 21. Qd4 a5
22. Bb5 e5 23. Qd2 Qb6 24. Ba4 Nf6 25. Qxd6 Qxf2 26. Nc5 Bg4 27. Rdf1 Qe3+ 28.
Kb1 Rac8 29. Nd3 Rxc3 30. Nxb4 Nxe4 31. Qa6 Nd2+ 0-1

[Event "45th Olympiad 2024"]
[Site "Budapest HUN"]
[Date "2024.09.12"]
[Round "2.14"]
[Board "4"]
[White "Lagarde, Maxime"]
[Black "Almiron, Antonio"]
[Result "1/2-1/2"]
[WhiteTitle "GM"]
[BlackTitle "FM"]
[WhiteElo "2598"]
[BlackElo "2312"]
[WhiteTeam "France"]
[BlackTeam "Paraguay"]
[WhiteFideId "662399"]
[BlackFideId "3701166"]
[EventDate "2024.09.11"]

1. e4 e5 2. Nf3 Nc6 3. Bb5 a6 4. Ba4 Nf6 5. Nc3 d6 6. Bxc6+ bxc6 7. d4 Nd7 8.
Bg5 f6 9. Be3 Be7 10. Qe2 Nb6 11. O-O-O Bd7 12. Rd2 Qc8 13. Rhd1 Bg4 14. h3 Bh5
15. g4 Bf7 16. d5 c5 17. Nh4 g6 18. f4 exf4 19. Bxf4 Nd7 20. Bh6 Qb7 21. Rf1
O-O-O 22. Ng2 Rde8 23. Ne3 Bf8 24. Bxf8 Rhxf8 25. Nc4 g5 26. Rf3 Bg6 27. Na5 Qa8
28. Re3 Ne5 29. Nd1 Kd7 30. Nf2 Ke7 31. Nd3 Nd7 32. h4 1/2-1/2

[Event "45th Olympiad 2024"]
[Site "Budapest HUN"]
[Date "2024.09.12"]
[Round "2.15"]
[Board "1"]
[White "Volokitin, Andrei"]
[Black "Meier, Georg"]
[Result "1/2-1/2"]
[WhiteTitle "GM"]
[BlackTitle "GM"]
[WhiteElo "2660"]
[BlackElo "2591"]
[WhiteTeam "Ukraine"]
[BlackTeam "Uruguay"]
[WhiteFideId "14107090"]
[BlackFideId "4675789"]
[EventDate "2024.09.11"]

1. e4 e6 2. d4 d5 3. Nc3 Nf6 4. e5 Nfd7 5. f4 c5 6. Nf3 Nc6 7. Be3 cxd4 8. Nxd4
Bc5 9. Qd2 O-O 10. O-O-O Bxd4 11. Bxd4 Qa5 12. Kb1 Rb8 13. Nb5 Qxd2 14. Rxd2 a6
15. Nd6 Nxd4 16. Rxd4 f6 17. exf6 Nxf6 18. Nxc8 Rfxc8 19. c4 b5 20. cxd5 Rd8 21.
Be2 Rxd5 22. Rhd1 Kf7 23. Bf3 Rxd4 24. Rxd4 Ke7 25. b4 h6 26. Kc2 g5 27. Kd3 Rc8
28. Kd2 gxf4 29. Rxf4 Rd8+ 30. Ke3 Nd5+ 31. Ke4 1/2-1/2

[Event "45th Olympiad 2024"]
[Site "Budapest HUN"]
[Date "2024.09.12"]
[Round "2.15"]
[Board "2"]
[White "Rodriguez Vila, Andres"]
[Black "Ivanchuk, Vasyl"]
[Result "0-1"]
[WhiteTitle "GM"]
[BlackTitle "GM"]
[WhiteElo "2417"]
[BlackElo "2635"]
[WhiteTeam "Uruguay"]
[BlackTeam "Ukraine"]
[WhiteFideId "3000010"]
[BlackFideId "14100010"]
[EventDate "2024.09.11"]

1. e4 c5 2. Nf3 d6 3. d4 cxd4 4. Nxd4 Nf6 5. Nc3 a6 6. h3 e6 7. g4 Nfd7 8. Be3
b5 9. Qd2 Bb7 10. a3 Nb6 11. O-O-O N8d7 12. Kb1 Rc8 13. Bg5 Qc7 14. f4 h5 15.
gxh5 Rxh5 16. h4 Nc4 17. Bxc4 Qxc4 18. Rh3 Nf6 19. f5 e5 20. Bxf6 gxf6 21. Nb3
b4 22. axb4 Bxe4 23. Na5 Qxb4 24. Qe2 Bxf5 25. Qxh5 Bg4 26. Qh8 Bxh3 27. Nb3 Be6
28. Qxf6 a5 29. Na2 Qe4 30. Nc3 Rxc3 31. bxc3 Bxb3 32. Qf2 Qa4 0-1

[Event "45th Olympiad 2024"]
[Site "Budapest HUN"]
[Date "2024.09.12"]
[Round "2.15"]
[Board "3"]
[White "Ponomariov, Ruslan"]
[Black "Vazquez, Facundo"]
[Result "1-0"]
[WhiteTitle "GM"]
[BlackTitle "FM"]
[WhiteElo "2654"]
[BlackElo "2388"]
[WhiteTeam "Ukraine"]
[BlackTeam "Uruguay"]
[WhiteFideId "14103320"]
[BlackFideId "3007669"]
[EventDate "2024.09.11"]

1. e4 c5 2. Nf3 e6 3. c3 Nf6 4. e5 Nd5 5. Bc4 d6 6. d4 Nc6 7. O-O Be7 8. Bxd5
exd5 9. exd6 Bxd6 10. Re1+ Ne7 11. dxc5 Bxc5 12. Be3 Bd6 13. Bf4 O-O 14. Bxd6
Qxd6 15. Nbd2 Rd8 16. Nd4 Ng6 17. Nf1 Bd7 18. Ne3 Re8 19. Qb3 Bc6 20. Rad1 Nf4
21. Qc2 Rad8 22. g3 Nh3+ 23. Kg2 Ng5 24. h4 Ne4 25. Nef5 Qf6 26. f3 Nc5 27. Qd2
Ne6 28. Re3 Nxd4 29. Nxd4 Rxe3 30. Qxe3 Re8 31. Qg5 Qxg5 32. hxg5 g6 33. Rh1 Re5
34. f4 Re3 35. Kf2 Rd3 36. Re1 Rd2+ 37. Re2 Rd1 38. g4 Kf8 39. f5 gxf5 40. gxf5
h6 41. gxh6 Rh1 42. Kg3 Rxh6 43. Kf4 Rh1 44. Kg5 Rg1+ 45. Kf6 Rh1 46. Nf3 Rh6+
47. Kg5 Rh3 48. Nd4 Rh1 49. f6 Rg1+ 50. Kf4 Rf1+ 51. Ke5 Bd7 52. Rh2 Kg8 53. Kd6
Bc6 54. Ke7 Re1+ 55. Re2 Rxe2+ 56. Nxe2 Bb5 57. Nf4 Bc6 58. a3 a5 59. Nd3 1-0

[Event "45th Olympiad 2024"]
[Site "Budapest HUN"]
[Date "2024.09.12"]
[Round "2.15"]
[Board "4"]
[White "Roselli Mailhe, Bernardo"]
[Black "Onyshchuk, Volodymyr"]
[Result "0-1"]
[WhiteTitle "IM"]
[BlackTitle "GM"]
[WhiteElo "2362"]
[BlackElo "2610"]
[WhiteTeam "Uruguay"]
[BlackTeam "Ukraine"]
[WhiteFideId "3000028"]
[BlackFideId "14114038"]
[EventDate "2024.09.11"]

1. d4 Nf6 2. c4 g6 3. Nf3 Bg7 4. g3 O-O 5. Bg2 d6 6. O-O Nbd7 7. Nc3 e5 8. e4
Re8 9. d5 Nc5 10. Ne1 a5 11. Nd3 Nfd7 12. Be3 b6 13. Nxc5 Nxc5 14. Qd2 f5 15. f3
Rf8 16. Bg5 Qe8 17. Rfe1 f4 18. g4 h5 19. h3 Qf7 20. Kf2 Bf6 21. Bxf6 Qxf6 22.
Rg1 hxg4 23. hxg4 Bxg4 24. Ke2 Bd7 25. Rh1 Kg7 26. Bh3 Rh8 27. Bxd7 Nxd7 28.
Rag1 Rxh1 29. Rxh1 Qg5 30. Kf1 Qg3 31. Qe2 Nf6 32. Nb5 Rc8 33. Qg2 Qxg2+ 34.
Kxg2 g5 35. b3 g4 36. Rh4 Kg6 37. Na7 Rg8 38. Nb5 gxf3+ 39. Kxf3 Kf7 40. Rh3 Rg1
41. Nxc7 Re1 42. Kf2 Ra1 43. Kf3 Rxa2 44. Nb5 Ke7 45. Rh6 Rf2+ 46. Kxf2 Ng4+ 47.
Ke2 Nxh6 48. Nc7 Nf7 49. Na8 Ng5 50. Kd3 f3 51. Nxb6 Nxe4 52. Na4 Nf6 53. Nc3
e4+ 54. Kd2 f2 55. Ke2 e3 0-1

[Event "45th Olympiad 2024"]
[Site "Budapest HUN"]
[Date "2024.09.12"]
[Round "2.16"]
[Board "1"]
[White "Kulaots, Kaido"]
[Black "Predke, Alexandr"]
[Result "0-1"]
[WhiteTitle "GM"]
[BlackTitle "GM"]
[WhiteElo "2506"]
[BlackElo "2671"]
[WhiteTeam "Estonia"]
[BlackTeam "Serbia"]
[WhiteFideId "4500261"]
[BlackFideId "24107581"]
[EventDate "2024.09.11"]

1. e4 e5 2. Nf3 Nc6 3. Bb5 a6 4. Ba4 Nf6 5. O-O b5 6. Bb3 Bc5 7. a4 Bb7 8. d3
O-O 9. Nc3 Na5 10. axb5 Nxb3 11. cxb3 axb5 12. Rxa8 Bxa8 13. Nxe5 b4 14. Na4 Be7
15. Qc2 Re8 16. Nf3 d6 17. Bg5 h6 18. Bh4 c5 19. h3 Nh5 20. Bxe7 Rxe7 21. Re1
Nf4 22. Re3 Bb7 23. Kh2 Ne6 24. Re1 d5 25. Kg1 dxe4 26. dxe4 Rd7 27. Qc4 Qc7 28.
Qc1 Rd3 29. Re3 Rd8 30. Re1 Rd7 31. Qc2 Qd6 32. Qc1 Ba6 33. Qe3 Qc7 34. Qc1 Rd3
35. Re3 Rd8 36. Re1 Bd3 37. Re3 Bb5 38. Re1 Rd3 39. Qc2 Rxf3 40. gxf3 Nd4 41.
Qd1 Qf4 42. Re3 Bd7 43. Kh1 Qh4 44. f4 Qxf2 45. Qg1 Qc2 46. Qg2 Qc1+ 47. Qg1 Qd2
48. Nxc5 Bc6 49. Rg3 Ne6 50. f5 Ng5 51. Rg4 Qxb2 52. Qe3 Qb1+ 53. Kh2 Qc2+ 54.
Rg2 Qd1 55. h4 Nf3+ 56. Kg3 Ne5 57. Qf4 Qd4 58. Kh2 Qxc5 59. Qxh6 Ng4+ 60. Rxg4
Qf2+ 61. Kh3 Qf3+ 62. Kh2 Qe2+ 0-1

[Event "45th Olympiad 2024"]
[Site "Budapest HUN"]
[Date "2024.09.12"]
[Round "2.16"]
[Board "3"]
[White "Seeman, Tarvo"]
[Black "Markus, Robert"]
[Result "1-0"]
[WhiteTitle "IM"]
[BlackTitle "GM"]
[WhiteElo "2375"]
[BlackElo "2586"]
[WhiteTeam "Estonia"]
[BlackTeam "Serbia"]
[WhiteFideId "4500547"]
[BlackFideId "921637"]
[EventDate "2024.09.11"]

1. Nf3 d6 2. d4 Nf6 3. g3 Nbd7 4. Nc3 e5 5. e4 c6 6. a4 Be7 7. Bg2 O-O 8. O-O b6
9. Be3 a6 10. Nd2 Bb7 11. Nc4 Qc7 12. a5 b5 13. Nb6 Rad8 14. d5 c5 15. Nxd7 Nxd7
16. Qd2 Nf6 17. h3 Rfe8 18. Ne2 Rb8 19. c3 c4 20. f4 exf4 21. gxf4 Nd7 22. Bd4
Nc5 23. Qe3 Nb3 24. Bb6 Qd7 25. Rad1 Bd8 26. Nd4 Bxb6 27. axb6 Nxd4 28. Qxd4 Bc8
29. Rf3 Qd8 30. Rg3 g6 31. Kh2 Qxb6 32. Qd2 f5 33. Re1 b4 34. e5 bxc3 35. bxc3
Qc5 36. h4 Re7 37. h5 Rg7 38. h6 Rgb7 39. exd6 Rf7 40. Re8+ Rf8 41. Rge3 Rb7 42.
R3e7 Rxe7 43. Rxe7 Rf7 44. Re8+ Rf8 45. Re7 Rf7 46. Rc7 Rxc7 47. dxc7 Kf7 48. d6
Ke6 49. Bb7 Bd7 50. Bxa6 g5 51. Qd4 Qxd4 52. cxd4 c3 53. c8=Q Bxc8 54. Bxc8+ Kf6
55. d7 1-0

[Event "45th Olympiad 2024"]
[Site "Budapest HUN"]
[Date "2024.09.12"]
[Round "2.16"]
[Board "4"]
[White "Ivic, Velimir"]
[Black "Timoshin, Andrei"]
[Result "1-0"]
[WhiteTitle "GM"]
[WhiteElo "2599"]
[BlackElo "2230"]
[WhiteTeam "Serbia"]
[BlackTeam "Estonia"]
[WhiteFideId "950122"]
[BlackFideId "4503503"]
[EventDate "2024.09.11"]

1. c4 c5 2. Nf3 Nf6 3. Nc3 Nc6 4. g3 d5 5. cxd5 Nxd5 6. Bg2 Nc7 7. d3 e5 8. Nd2
Be6 9. Bxc6+ bxc6 10. b3 Be7 11. Bb2 f6 12. Rc1 O-O 13. Na4 Qd5 14. f3 Rad8 15.
Ba3 Na6 16. Ne4 g5 17. Naxc5 Bc8 18. Rc4 g4 19. Qc1 Nc7 20. fxg4 Bxg4 21. Nxf6+
Rxf6 22. Rxg4+ Kh8 23. Ne4 Qa5+ 24. Kd1 Rf7 25. Bxe7 Rxe7 26. Qh6 Nd5 27. Rf1 1-0

[Event "45th Olympiad 2024"]
[Site "Budapest HUN"]
[Date "2024.09.12"]
[Round "2.17"]
[Board "1"]
[White "Martirosyan, Haik M."]
[Black "Henderson de La Fuente, Lance"]
[Result "1-0"]
[WhiteTitle "GM"]
[BlackTitle "GM"]
[WhiteElo "2667"]
[BlackElo "2519"]
[WhiteTeam "Armenia"]
[BlackTeam "Andorra"]
[WhiteFideId "13306553"]
[BlackFideId "32096585"]
[EventDate "2024.09.11"]

1. d4 Nf6 2. c4 g6 3. Nc3 Bg7 4. e4 d6 5. Be2 O-O 6. Be3 Nc6 7. d5 Ne5 8. Nf3
Nxf3+ 9. Bxf3 Nd7 10. O-O a5 11. Be2 b6 12. Rc1 Nc5 13. Bd4 Bxd4 14. Qxd4 e5 15.
dxe6 fxe6 16. e5 Bb7 17. exd6 Qxd6 18. Qxd6 cxd6 19. Rfd1 Rad8 20. Rd4 e5 21.
Rd2 Kf7 22. Re1 Ke7 23. Bd1 g5 24. Re3 h6 25. b3 Bc6 26. Bc2 Rf6 27. h3 Rf4 28.
f3 Rff8 29. a3 Rc8 30. Kh2 h5 31. b4 Ne6 32. Be4 h4 33. Bxc6 Rxc6 34. Nd5+ Kf7
35. bxa5 bxa5 36. Rb3 Rfc8 37. Rb7+ Nc7 38. Ra7 Kf8 39. Nf6 Ke7 40. Nd5+ Kf8 41.
Ne3 Ra8 42. Rxa8+ Nxa8 43. Nf5 Nb6 44. Rxd6 Rxd6 45. Nxd6 Ke7 46. c5 Ke6 47. Nb7
Nc4 48. c6 Nxa3 49. Nxa5 Kd6 50. Kg1 Kc7 51. Kf2 Kb6 52. Kf1 Nc2 53. Nc4+ Kxc6
54. Nxe5+ Kd5 55. Nf7 Ke6 56. Nxg5+ Kf5 57. Ne4 Kf4 58. Kf2 Nd4 59. Nc5 Nc2 60.
Nd3+ Kf5 61. Ke2 Na3 62. Nb4 Nc4 63. Nd5 Ke5 64. Ne3 Nd6 65. Kf2 Kf4 66. Nd5+
Ke5 67. Nc3 Kf5 68. Ne2 Nc4 69. g4+ hxg3+ 70. Kxg3 Ne3 71. h4 Nd5 72. f4 Kg6 73.
Nd4 Kh5 74. Nf5 Kg6 75. Nd4 Kh5 76. Ne2 Kg6 77. Kg4 Nf6+ 78. Kh3 Kf5 79. Kg3 Ke4
80. Nc3+ Kd4 81. Nd1 Ke4 82. Nf2+ Kf5 83. Kf3 Nd5 84. Nd3 Nf6 85. Ne1 Kg6 86.
Ng2 Kf5 87. Ne3+ Kg6 88. f5+ Kh5 89. Ng2 Ng8 90. Kf4 Kh6 91. Ke5 Kg7 92. Ke6 Nf6
93. Nf4 Ng4 94. h5 Nh6 95. Ng6 Ng4 96. Ne5 Nh6 97. Nd7 Kh7 98. Kf6 Ng4+ 99. Kg5
Ne3 100. f6 Kg8 101. Kg6 1-0

[Event "45th Olympiad 2024"]
[Site "Budapest HUN"]
[Date "2024.09.12"]
[Round "2.17"]
[Board "3"]
[White "Hovhannisyan, Robert"]
[Black "De La Riva Aguado, Oscar"]
[Result "1/2-1/2"]
[WhiteTitle "GM"]
[BlackTitle "GM"]
[WhiteElo "2619"]
[BlackElo "2431"]
[WhiteTeam "Armenia"]
[BlackTeam "Andorra"]
[WhiteFideId "13302507"]
[BlackFideId "6900224"]
[EventDate "2024.09.11"]

1. e4 e6 2. d4 d5 3. Nc3 Nf6 4. Bg5 dxe4 5. Nxe4 Nbd7 6. Nf3 h6 7. Bxf6 Nxf6 8.
Bd3 Nxe4 9. Bxe4 c5 10. Qe2 Qa5+ 11. c3 cxd4 12. Nxd4 Qb6 13. Nf3 Be7 14. O-O-O
Bf6 15. Nd2 O-O 16. h4 Bd7 17. Bc2 Rfd8 18. Ne4 Be7 19. Nd2 Bf6 20. Ne4 Be7 21.
Nd2 Bf6 1/2-1/2

[Event "45th Olympiad 2024"]
[Site "Budapest HUN"]
[Date "2024.09.12"]
[Round "2.17"]
[Board "4"]
[White "Ribera Veganzones, Serni"]
[Black "Grigoryan, Karen H."]
[Result "0-1"]
[WhiteTitle "FM"]
[BlackTitle "GM"]
[WhiteElo "2309"]
[BlackElo "2569"]
[WhiteTeam "Andorra"]
[BlackTeam "Armenia"]
[WhiteFideId "6900860"]
[BlackFideId "13301004"]
[EventDate "2024.09.11"]

1. e4 c5 2. Nf3 e6 3. d4 cxd4 4. Nxd4 a6 5. Bd3 Nf6 6. O-O Qc7 7. c4 d6 8. Nc3
g6 9. h3 Bg7 10. Nf3 O-O 11. Bf4 b6 12. Rc1 Bb7 13. Re1 Rd8 14. Bf1 Ne8 15. b4
Nd7 16. Qb3 Rac8 17. Na4 Qb8 18. Nd2 Ba8 19. Nc3 Rc7 20. Rc2 Rdc8 21. Rec1 h6
22. a3 Kh7 23. Na4 Bc6 24. Be3 b5 25. cxb5 Bxb5 26. Rxc7 Rxc7 27. Rxc7 Qxc7 28.
Nb2 Nef6 29. Bxb5 axb5 30. a4 bxa4 31. Nxa4 d5 32. b5 dxe4 33. b6 Qc1+ 34. Nf1
Qc6 35. b7 Nd5 36. Ba7 Be5 37. Nb2 N5b6 38. g3 Qxb7 0-1